| 000 | 00804nac a22002051u 4500 | ||
|---|---|---|---|
| 008 | 100908s1995 nyaill |r|||| 001 0 eng d | ||
| 010 | _a94013915 | ||
| 020 | _a0070682925 | ||
| 082 | 0 | 0 |
_a621.4021 _bWAR _222 |
| 100 |
_aWark, Kenneth, _918785 |
||
| 245 | 1 | 0 |
_aAdvanced Thermodynamics for Engineers / _cKenneth Wark, Jr. |
| 260 |
_aNew York : _bMcGraw-Hill, _cc1995. |
||
| 300 |
_axvi, 564 p. : _bill. ; _c25 cm. |
||
| 490 |
_915957 _aMcGraw-Hill series in mechanical engineering ; |
||
| 504 | _aIncludes bibliographical references and index. | ||
| 650 | 0 |
_aThermodynamics. _918786 |
|
| 856 | 4 | 2 |
_3Publisher description _uhttp://www.loc.gov/catdir/description/mh022/94013915.html |
| 856 | 4 | 2 |
_3Table of contents _uhttp://www.loc.gov/catdir/toc/mh022/94013915.html |
| 942 |
_cBB _k621.4021WAR _2ddc |
||
| 999 |
_c820 _d820 |
||